000 00436nam a2200181Ia 4500
001 2516
005 20260306144813.0
008 260306t2014||||xx |||||||||||||| ||spa||
041 _aESP
082 _a616.8914
_bE377
100 _aErskine, Richard G.
_eAUT
245 0 _aLa psicoterapia integrativa en acción
260 _c2014
300 _a395 páginas :
_c21 cm.
650 _aGEN
654 _aCPS
942 _cLIB
_dJUS
_fJUS
_2ddc
_n
999 _c2516
_d2516